Systém vedeckých informácií (modely informačných systémov)

Podrobná bibliografia
Médium: Kniha
Jazyk:slovenčina
Fyzický popis:104 s. ilustr., sch., tab. 4°
Vydavateľské údaje: Bratislava Výskumné výpočtové stredisko 1971
Vydanie:[1.] vyd.
Edícia:Výskumné práce
Predmet:

MARC

LEADER 00000cam a2200000 a 4500
001 vtls008347978
003 SK-MaSNL
005 20260301123246.0
008 230403s1971 xo a f 000 0 slo
015 |a SNBA1971/11-02795 
035 |a SK01SNK19710040195 
035 |a urn:nbn:sk:snk-am3h9rb 
035 |a 65492BD2-E9C4-40D3-BFD6-5B06D4508FB0 
035 |a urn:nbn:sk:snk-am008on5 
035 |a SKM000042658 
040 |a SNK  |b slo  |c SNK  |e AACR2 
041 0 |a slo  |b rus  |b eng 
044 |a xo  |c SK 
080 |a 002.6+021.4  |2 1981 
245 0 0 |a Systém vedeckých informácií  |b (modely informačných systémov)  |c riešitelia: Marek Cigánik (ved. úlohy) ... [et al.] 
250 |a [1.] vyd. 
260 |a Bratislava  |b Výskumné výpočtové stredisko  |c 1971 
300 |a 104 s.  |b ilustr., sch., tab.  |c 4° 
366 |e 200 výt. 
490 1 |a Výskumné práce  |v č. 20 
504 |a Bibliogr. odkazy : zozn. obr. 
546 |a Res. rus., angl. 
650 0 7 |a vedecké informácie  |2 SNKPH  |9 1284 
655 7 |a výskumné správy  |2 SNKPH  |9 70491 
700 1 |a Cigánik, Marek,  |d 1926-  |4 oth  |9 163356 
830 0 |a Výskumné práce  |9 276904 
852 |a Slovenská národná knižnica 
954 |a odborná, vedecká literatúra pôvodná (slovenská)  |2 lita 
958 |a OND 
958 |a NB 
958 |a EUIPO 
999 |c 735596  |d 737526 
952 |a SNK  |b SNK  |y VYP  |7 0  |p 17A0519783  |o snkSB 17603 D1  |i snkKSP 7844/71  |0 0  |1 0  |4 0  |d 2006-09-28  |l 0  |r 2026-02-23 22:43:15  |w 2026-02-23 
952 |a SNK  |b SNK  |y PREZ  |7 0  |p 17A0890619  |o snkSB 17603   |i snkKSP 7843/71  |0 0  |1 0  |4 0  |d 2012-07-24  |f 1  |l 0  |r 2025-03-19 00:00:00  |w 2026-02-23